[Event "FICS rated blitz game"]
[Site "FICS freechess.org"]
[Date "2018.01.02"]
[Round "?"]
[White "capricornus"]
[Black "foxone"]
[Result "0-1"]
[WhiteElo "1390"]
[BlackElo "1254"]
[PlyCount "115"]
[EventDate "2018.??.??"]
[EventType "blitz"]

1. e4 e5 2. Nf3 Nc6 3. c3 d6 4. b4 Be7 5. b5 Nb8 6. Bb2 Nf6 7. d3 O-O 8. Nbd2
Bg4 9. Be2 Nbd7 10. O-O h6 11. a4 Nh7 12. d4 Bxf3 13. Bxf3 Bg5 14. dxe5 Nxe5
15. c4 Bxd2 16. Qxd2 Nxf3+ 17. gxf3 Qd7 18. Kh1 Qh3 19. Rg1 Qxf3+ 20. Rg2 Qxe4
21. Qxh6 Qxg2+ 22. Kxg2 gxh6 23. Rg1 Ng5 24. h4 Kh7 25. hxg5 hxg5 26. Rh1+ Kg6
27. Rg1 Rae8 28. Kf3 Re6 29. Bc1 f6 30. Be3 b6 31. a5 Rfe8 32. axb6 axb6 33.
Rd1 g4+ 34. Kxg4 Re4+ 35. Kf3 Rxc4 36. Rg1+ Kf7 37. Rh1 Ke6 38. Rh7 Rg8 39. Ke2
Rgg4 40. Kf3 Rge4 41. Rg7 Re5 42. Ke2 Rxb5 43. Kd3 Rc6 44. Rg6 Rf5 45. Ke4 d5+
46. Kd3 Rc4 47. Bd4 c5 48. Be3 Rf3 49. Ke2 Rf5 50. Kd3 Rb4 51. Ke2 d4 52. Bd2
Rb2 53. Kd3 Rxf2 54. Bg5 Kf5 55. Rxf6+ Kxg5 56. Rxf2 Rxf2 57. Kc4 Rf6 58. Kb5 {
White resigns} 0-1

[Event "FICS rated blitz game"]
[Site "FICS freechess.org"]
[Date "2018.01.02"]
[Round "?"]
[White "jetline"]
[Black "Orienteer"]
[Result "1-0"]
[WhiteElo "1457"]
[BlackElo "1524"]
[PlyCount "103"]
[EventDate "2018.??.??"]
[EventType "blitz"]

1. e4 e5 2. Nf3 Nc6 3. c3 Nge7 4. d4 exd4 5. Nxd4 Ng6 6. Bd3 Bc5 7. Be3 O-O 8.
Qe2 Nce5 9. Nd2 d6 10. O-O Bg4 11. N4f3 Qd7 12. Bxc5 dxc5 13. Bc2 Bxf3 14. Nxf3
Qg4 15. h3 Qf4 16. Nxe5 Nxe5 17. Rad1 Rae8 18. Rd5 b6 19. Rfd1 Re6 20. Qh5 g6
21. Qe2 Rf6 22. R1d3 c6 23. Rd6 Rxd6 24. Rxd6 Re8 25. Bb3 b5 26. f3 c4 27. Bc2
Re6 28. Rd8+ Kg7 29. b3 cxb3 30. Bxb3 Rf6 31. Ra8 Qg3 32. Rxa7 Nxf3+ 33. Kf1
Nd2+ 34. Kg1 Rf1+ 35. Qxf1 Nxf1 36. Kxf1 Qxc3 37. Rxf7+ Kh6 38. g4 c5 39. g5+
Kxg5 40. h4+ Kxh4 41. Rf4+ Kg5 42. Rf2 c4 43. Bc2 Qe3 44. e5 Qxe5 45. Rg2+ Kh6
46. Kg1 Qd4+ 47. Kh1 b4 48. Rh2+ Kg7 49. Bd1 b3 50. Bf3 bxa2 51. Rxa2 Qe3 52.
Ra7+ 1-0

[Event "FICS unrated standard game"]
[Site "FICS freechess.org"]
[Date "2018.01.02"]
[Round "?"]
[White "Zydderf"]
[Black "Odierachelwang"]
[Result "1-0"]
[WhiteElo "1771"]
[BlackElo "1764"]
[PlyCount "37"]
[EventDate "2018.??.??"]

1. e4 e5 2. Nf3 Nc6 3. c3 Nf6 4. d3 d5 5. exd5 Nxd5 6. Be2 Bc5 7. O-O O-O 8.
Nbd2 Bf5 9. Ne4 Bb6 10. a3 Nf4 11. Bxf4 exf4 12. Qa4 Qd5 13. c4 Qe6 14. c5 Ba5
15. b4 Bxe4 16. dxe4 Qxe4 17. Bb5 a6 18. Bxc6 bxc6 19. Qxa5 {Black resigns} 1-0

[Event "FICS rated standard game"]
[Site "FICS freechess.org"]
[Date "2018.01.02"]
[Round "?"]
[White "cjldx"]
[Black "Aromas"]
[Result "1-0"]
[WhiteElo "1935"]
[BlackElo "1877"]
[PlyCount "51"]
[EventDate "2018.??.??"]

1. e4 e5 2. Nf3 Nc6 3. c3 d5 4. Bb5 Bg4 5. Qa4 Qf6 6. Bxc6+ bxc6 7. d4 Bxf3 8.
dxe5 Qxe5 9. Qxc6+ Ke7 10. gxf3 dxe4 11. fxe4 Rd8 12. O-O Nf6 13. f4 Qd6 14.
Qxd6+ cxd6 15. e5 dxe5 16. fxe5 Ng4 17. Bg5+ f6 18. exf6+ gxf6 19. Bh4 Rg8 20.
Kh1 Ne3 21. Re1 Rd1 22. Na3 Kf7 23. Raxd1 Nxd1 24. Rxd1 Bxa3 25. bxa3 Rg4 26.
Rd4 {Black resigns} 1-0

[Event "FICS rated standard game"]
[Site "FICS freechess.org"]
[Date "2018.01.02"]
[Round "?"]
[White "koadjao"]
[Black "kishomat"]
[Result "0-1"]
[WhiteElo "1728"]
[BlackElo "1828"]
[PlyCount "60"]
[EventDate "2018.??.??"]

1. e4 e5 2. Nf3 Nc6 3. c3 Nf6 4. d4 exd4 5. e5 Ng4 6. cxd4 d6 7. h3 Nh6 8. Bxh6
gxh6 9. Bb5 Bd7 10. exd6 Bxd6 11. O-O Qf6 12. d5 Ne5 13. Nxe5 Bxe5 14. Bxd7+
Kxd7 15. Qa4+ c6 16. dxc6+ Qxc6 17. Qb3 Raf8 18. Nd2 Rhg8 19. Nf3 Bxb2 20.
Rad1+ Kc8 21. Rd2 Qg6 22. Nh4 Qg5 23. Qc4+ Kb8 24. Rxb2 Rc8 25. Qb4 b6 26. f3
f5 27. Qd6+ Ka8 28. Qd5+ Kb8 29. Qxf5 Qxh4 30. a4 Qd4+ 0-1

[Event "FICS rated blitz game"]
[Site "FICS freechess.org"]
[Date "2018.01.02"]
[Round "?"]
[White "ramakali"]
[Black "PGierech"]
[Result "0-1"]
[WhiteElo "1441"]
[BlackElo "1560"]
[PlyCount "50"]
[EventDate "2018.??.??"]
[EventType "blitz"]

1. e4 e5 2. c3 Nc6 3. Nf3 Bc5 4. Bc4 h6 5. b4 Bb6 6. a4 a6 7. Na3 Nf6 8. Qe2
O-O 9. Bb2 d6 10. O-O Ng4 11. Nc2 Kh8 12. Ne3 f5 13. exf5 Nxe3 14. fxe3 Bxf5
15. Kh1 Bg4 16. Bd5 Ne7 17. Bxb7 Rb8 18. Bxa6 e4 19. a5 Ba7 20. d4 Ng6 21. Rf2
Nh4 22. Rg1 exf3 23. Qc4 fxg2+ 24. Rfxg2 Nxg2 25. d5 Bf3 {White resigns} 0-1

[Event "FICS rated blitz game"]
[Site "FICS freechess.org"]
[Date "2018.01.01"]
[Round "?"]
[White "DonBlasDeLezo"]
[Black "PlatinumKnight"]
[Result "1-0"]
[WhiteElo "1375"]
[BlackElo "1259"]
[PlyCount "37"]
[EventDate "2018.??.??"]
[EventType "blitz"]

1. e4 e5 2. Nf3 Nc6 3. c3 Nf6 4. d4 exd4 5. e5 Ng4 6. cxd4 Bb4+ 7. Nc3 O-O 8.
h3 Nxf2 9. Kxf2 Bxc3 10. bxc3 d6 11. Bd3 f6 12. h4 fxe5 13. Kg1 Bg4 14. Bxh7+
Kxh7 15. Ng5+ Kg8 16. Qxg4 exd4 17. Qe6+ Kh8 18. Qg6 Rf6 19. Qh7# {Black
checkmated} 1-0

[Event "FICS rated blitz game"]
[Site "FICS freechess.org"]
[Date "2018.01.01"]
[Round "?"]
[White "Chilenodecorazon"]
[Black "NewTreeNo"]
[Result "0-1"]
[WhiteElo "1416"]
[BlackElo "1480"]
[PlyCount "64"]
[EventDate "2018.??.??"]
[EventType "blitz"]

1. e4 e5 2. Nf3 Nc6 3. c3 Nf6 4. Bd3 d5 5. exd5 e4 6. Bxe4 Nxe4 7. O-O Qxd5 8.
h3 Be7 9. d4 Nd6 10. Be3 O-O 11. Qd3 Nf5 12. c4 Qd8 13. d5 Nxe3 14. Qxe3 Nb4
15. Qc3 c5 16. a3 Na6 17. Nbd2 Bf6 18. Qd3 Bxb2 19. Rab1 Bf6 20. Ne4 Bf5 21.
Nxf6+ Qxf6 22. Qe3 Bxb1 23. Rxb1 Rfe8 24. Qd3 b6 25. Re1 Rxe1+ 26. Nxe1 Re8 27.
Nc2 Nc7 28. d6 Ne6 29. d7 Rd8 30. Ne3 Nd4 31. Nd5 Qe6 32. Qg3 Ne2+ {White
resigns} 0-1

[Event "FICS rated blitz game"]
[Site "FICS freechess.org"]
[Date "2018.01.01"]
[Round "?"]
[White "Kjosavik"]
[Black "ReallyBadPlayer"]
[Result "1-0"]
[WhiteElo "1417"]
[BlackElo "1344"]
[PlyCount "43"]
[EventDate "2018.??.??"]
[EventType "blitz"]

1. e4 e5 2. Nf3 Nc6 3. c3 Nf6 4. d4 exd4 5. e5 Nd5 6. Bb5 Bc5 7. Bxc6 dxc6 8.
cxd4 Bb6 9. Nc3 Bg4 10. Be3 Qe7 11. h3 Nxe3 12. fxe3 Bh5 13. O-O O-O-O 14. Qb3
h6 15. a4 a6 16. a5 Ba7 17. Na4 g5 18. g4 Bg6 19. Rac1 Be4 20. Nd2 Bg6 21. Nc5
h5 22. Qxb7# {Black checkmated} 1-0

[Event "FICS rated blitz game"]
[Site "FICS freechess.org"]
[Date "2018.01.01"]
[Round "?"]
[White "NicolausSilver"]
[Black "cstevep"]
[Result "0-1"]
[WhiteElo "1339"]
[BlackElo "1288"]
[PlyCount "78"]
[EventDate "2018.??.??"]
[EventType "blitz"]

1. e4 e5 2. Nf3 Nc6 3. c3 Nf6 4. Bc4 Bc5 5. Bxf7+ Kxf7 6. Ng5+ Ke8 7. Qb3 Bxf2+
8. Kf1 Rf8 9. d3 d6 10. Nd2 Ng4 11. Ndf3 Be3 12. Bxe3 Nxe3+ 13. Ke2 Ng4 14. h3
Nf6 15. Raf1 h6 16. Ne6 Bxe6 17. Qxe6+ Qe7 18. Qb3 Nh5 19. Qxb7 Rd8 20. Qxc6+
Qd7 21. Qxd7+ Rxd7 22. Kf2 Rdf7 23. Kg1 Ng3 24. Rf2 Nxh1 25. Kxh1 g5 26. Kh2 h5
27. Kg1 g4 28. Ng5 Rxf2 29. Nh7 Rf1+ 30. Kh2 R8f2 31. hxg4 hxg4 32. Kg3 Rxb2
33. Ng5 Rxa2 34. Kxg4 Rg1 35. Kh3 Raxg2 36. Nh7 Rg7 37. Kh2 R1g6 38. Nf6+ Rxf6
39. Kh3 Rh6# {White checkmated} 0-1

[Event "FICS rated blitz game"]
[Site "FICS freechess.org"]
[Date "2018.01.01"]
[Round "?"]
[White "jezebelben"]
[Black "AntKa"]
[Result "1-0"]
[WhiteElo "1355"]
[BlackElo "1417"]
[PlyCount "29"]
[EventDate "2018.??.??"]
[EventType "blitz"]

1. e4 e5 2. Nf3 Nc6 3. c3 d6 4. d4 Bg4 5. d5 Nce7 6. Be2 Bxf3 7. Bxf3 Nf6 8.
Be2 Ng6 9. O-O Be7 10. f4 exf4 11. Bxf4 Nxe4 12. Qa4+ c6 13. Qxe4 cxd5 14. Qa4+
Qd7 15. Bb5 {Black resigns} 1-0

[Event "FICS rated blitz game"]
[Site "FICS freechess.org"]
[Date "2018.01.01"]
[Round "?"]
[White "trajamohan"]
[Black "daIlAi"]
[Result "1-0"]
[WhiteElo "1387"]
[BlackElo "1357"]
[PlyCount "95"]
[EventDate "2018.??.??"]
[EventType "blitz"]

1. e4 e5 2. Nf3 Nc6 3. c3 Nf6 4. Bc4 Bc5 5. d4 exd4 6. e5 Ng4 7. cxd4 Bb4+ 8.
Nc3 O-O 9. h3 Bxc3+ 10. bxc3 d5 11. Bb5 Nh6 12. Bxh6 gxh6 13. Bxc6 bxc6 14. O-O
Kh8 15. Qd2 Rg8 16. Qxh6 Rg6 17. Qh4 Qg8 18. g3 Qg7 19. Kh2 Rh6 20. Qg5 Rxh3+
21. Kg2 Qf8 22. Nh4 Be6 23. Qf6+ Kg8 24. Rh1 Rxh1 25. Rxh1 Qg7 26. Qe7 Qg4 27.
Nf3 Bd7 28. Rh4 Qe6 29. Qg5+ Qg6 30. Qf4 Kf8 31. Ng5 h6 32. Nf3 h5 33. Ng5 Ke7
34. a4 Rg8 35. e6 Bxe6 36. Nxe6 fxe6 37. Qxc7+ Kf6 38. Rf4+ Kg5 39. Qxc6 Kh6
40. Qd6 Rg7 41. a5 Kh7 42. Qe5 Re7 43. Rh4 Kh6 44. a6 Rf7 45. f4 Rf5 46. Qh8+
Qh7 47. Qd8 Rf7 48. Qg5# {Black checkmated} 1-0

[Event "FICS rated blitz game"]
[Site "FICS freechess.org"]
[Date "2018.01.01"]
[Round "?"]
[White "Kolendra"]
[Black "SCARNEY"]
[Result "1-0"]
[WhiteElo "1562"]
[BlackElo "1162"]
[PlyCount "57"]
[EventDate "2018.??.??"]
[EventType "blitz"]

1. e4 e5 2. Nf3 Nc6 3. c3 d5 4. Qa4 d4 5. Nxe5 Bd7 6. Nxd7 Qxd7 7. Bb5 Be7 8.
O-O Nh6 9. d3 O-O 10. Bxh6 gxh6 11. Bxc6 bxc6 12. Nd2 Bf6 13. Rfe1 Be5 14. Nf3
f6 15. cxd4 Bxd4 16. Qxd4 Qg7 17. Rac1 Rfd8 18. Qc4+ Kh8 19. d4 Rd6 20. e5 fxe5
21. dxe5 Rg6 22. Nh4 Rg4 23. Qxc6 Rf8 24. e6 Rxh4 25. e7 Rg8 26. e8=Q Rg4 27.
Qxg8+ Qxg8 28. Re8 Rxg2+ 29. Kh1 {Black resigns} 1-0

[Event "FICS rated blitz game"]
[Site "FICS freechess.org"]
[Date "2018.01.01"]
[Round "?"]
[White "WLTL"]
[Black "jesuistropfort"]
[Result "0-1"]
[WhiteElo "1960"]
[BlackElo "2032"]
[PlyCount "78"]
[EventDate "2018.??.??"]
[EventType "blitz"]

1. e4 e5 2. Nf3 Nc6 3. c3 Nf6 4. Qc2 d5 5. d3 a5 6. a3 Bc5 7. h3 h6 8. Be2 Be6
9. Nbd2 a4 10. exd5 Bxd5 11. c4 Be6 12. Ne4 Nxe4 13. dxe4 Nd4 14. Nxd4 exd4 15.
Bd3 Qd7 16. f4 Qe7 17. O-O f6 18. b4 axb3 19. Qxb3 b6 20. f5 Bd7 21. a4 O-O 22.
Bf4 Rfc8 23. e5 fxe5 24. Rfe1 Bd6 25. c5+ Kh8 26. cxd6 cxd6 27. Be4 Rab8 28.
Rac1 Rc5 29. Bf3 Qd8 30. Rxc5 bxc5 31. Bg3 Rxb3 32. Bd5 Rxg3 33. a5 Bxf5 34. a6
Qg5 35. Ra1 Bxh3 36. a7 Rxg2+ 37. Kf1 Qf4+ 38. Ke1 Qd2+ 39. Kf1 Qe2# {White
checkmated} 0-1

[Event "FICS rated blitz game"]
[Site "FICS freechess.org"]
[Date "2018.01.01"]
[Round "?"]
[White "bongrain"]
[Black "minobara"]
[Result "0-1"]
[WhiteElo "1336"]
[BlackElo "1277"]
[PlyCount "30"]
[EventDate "2018.??.??"]
[EventType "blitz"]

1. e4 e5 2. Nf3 Nc6 3. c3 Be7 4. d4 exd4 5. cxd4 d6 6. Bb5 Bd7 7. Nc3 Nf6 8. e5
dxe5 9. Nxe5 Nxe5 10. Bxd7+ Nexd7 11. O-O O-O 12. Re1 Bd6 13. Qf3 Nb6 14. b3
Bb4 15. Be3 Bxc3 {White resigns} 0-1

[Event "FICS rated standard game"]
[Site "FICS freechess.org"]
[Date "2018.01.01"]
[Round "?"]
[White "Prologix"]
[Black "xsus"]
[Result "0-1"]
[WhiteElo "1211"]
[BlackElo "1932"]
[PlyCount "46"]
[EventDate "2018.??.??"]

1. e4 e5 2. Nf3 Nc6 3. c3 Nf6 4. d4 Nxe4 5. dxe5 Bc5 6. b4 Bxf2+ 7. Ke2 d5 8.
Be3 Bxe3 9. Kxe3 O-O 10. Nbd2 Nxe5 11. Nxe5 Qg5+ 12. Kd3 Nf2+ 13. Kc2 Nxd1 14.
Rxd1 Qxe5 15. Bd3 Bf5 16. Bxf5 Qxf5+ 17. Kc1 a5 18. Rhf1 Qe5 19. Rde1 Qxc3+ 20.
Kd1 axb4 21. Rf3 Qa1+ 22. Ke2 Rfe8+ 23. Kf2 Qxe1# {White checkmated} 0-1

[Event "FICS rated blitz game"]
[Site "FICS freechess.org"]
[Date "2018.01.01"]
[Round "?"]
[White "Tensecterror"]
[Black "mordaz"]
[Result "0-1"]
[WhiteElo "1249"]
[BlackElo "1466"]
[PlyCount "82"]
[EventDate "2018.??.??"]
[EventType "blitz"]

1. e4 e5 2. Nf3 Nc6 3. c3 d6 4. d4 exd4 5. cxd4 Bg4 6. d5 Ne5 7. Be2 Bxf3 8.
Bxf3 Nf6 9. Nc3 Be7 10. Be2 a6 11. O-O O-O 12. h3 h6 13. f4 Ned7 14. f5 b5 15.
b4 Ne5 16. Bb2 c5 17. bxc5 dxc5 18. a3 Qb6 19. Kh1 Bd6 20. Qc2 b4 21. axb4 cxb4
22. Na4 Qb8 23. Bd4 Rc8 24. Qb1 Nfd7 25. Rc1 Rxc1+ 26. Qxc1 f6 27. Nc5 a5 28.
Nxd7 Nxd7 29. Bf3 Be5 30. Bxe5 Nxe5 31. Be2 b3 32. Qb2 a4 33. g4 Qb4 34. d6
Qxe4+ 35. Kg1 Qe3+ 36. Kf1 Qxh3+ 37. Ke1 Qg3+ 38. Kf1 Qf4+ 39. Ke1 Qe3 40. Qa3
Nd3+ 41. Kf1 Qf2# {White checkmated} 0-1

[Event "FICS rated blitz game"]
[Site "FICS freechess.org"]
[Date "2018.01.01"]
[Round "?"]
[White "BiH"]
[Black "Bagins"]
[Result "0-1"]
[WhiteElo "1599"]
[BlackElo "1573"]
[PlyCount "66"]
[EventDate "2018.??.??"]
[EventType "blitz"]

1. e4 e5 2. Nf3 Nc6 3. c3 Nf6 4. d4 Nxe4 5. d5 Ne7 6. c4 d6 7. Bd3 Bf5 8. Nh4
Qd7 9. f3 Nc5 10. Nxf5 Nxf5 11. Bc2 Nd4 12. Be4 g6 13. O-O Bg7 14. Nc3 O-O 15.
Be3 Nxe4 16. fxe4 f5 17. exf5 Nxf5 18. Bf2 a6 19. Ne4 Bf6 20. Qg4 Rf7 21. Nxf6+
Rxf6 22. Bh4 Rf7 23. Bf2 Raf8 24. Qe4 Nh6 25. Qe2 Ng4 26. Bg3 Rxf1+ 27. Rxf1
Rxf1+ 28. Kxf1 Qf5+ 29. Kg1 Qb1+ 30. Be1 Qf5 31. h3 Nf6 32. Bb4 Qb1+ 33. Kh2
Qf5 0-1

[Event "FICS rated standard game"]
[Site "FICS freechess.org"]
[Date "2018.01.01"]
[Round "?"]
[White "mesli"]
[Black "vaspan"]
[Result "1-0"]
[WhiteElo "1708"]
[BlackElo "1622"]
[PlyCount "115"]
[EventDate "2018.??.??"]

1. e4 e5 2. Nf3 Nc6 3. c3 h6 4. d4 exd4 5. cxd4 Bb4+ 6. Nc3 d6 7. d5 Nce7 8.
Bd2 Bg4 9. Be2 Nf6 10. Qa4+ Nd7 11. Qxb4 Bxf3 12. Bxf3 O-O 13. O-O Ne5 14. Be2
N7g6 15. f4 Nd7 16. Bg4 a5 17. Qd4 Nc5 18. a4 Qh4 19. Bf5 Nb3 20. Qe3 Nxa1 21.
Rxa1 Rfe8 22. Bxg6 fxg6 23. Nb5 Qd8 24. Rf1 c6 25. dxc6 bxc6 26. Nd4 Qb6 27. b3
c5 28. Ne2 d5 29. e5 d4 30. Qd3 Rab8 31. Nc1 Qe6 32. Bxa5 Qg4 33. h3 Qe6 34.
Bc7 Rbc8 35. Bd6 Rc6 36. g4 Qd5 37. Ne2 c4 38. Qxd4 Qa5 39. b4 Qxa4 40. Nc3 Qc2
41. Qd5+ Kh8 42. Qxc6 Qxc3 43. Qxe8+ Kh7 44. Qc6 Qe3+ 45. Kg2 c3 46. Bc5 Qd2+
47. Rf2 Qd3 48. b5 c2 49. Bd6 c1=Q 50. Qxc1 Qxb5 51. Qc2 Qd5+ 52. Kg3 Qa5 53.
f5 g5 54. f6+ g6 55. f7 h5 56. gxh5 g4 57. Qxg6+ Kh8 58. Qg8# {Black checkmated
} 1-0

[Event "FICS rated blitz game"]
[Site "FICS freechess.org"]
[Date "2018.01.01"]
[Round "?"]
[White "HotCarl"]
[Black "winlose"]
[Result "1-0"]
[WhiteElo "1426"]
[BlackElo "1318"]
[PlyCount "33"]
[EventDate "2018.??.??"]
[EventType "blitz"]

1. e4 e5 2. Nf3 Nc6 3. c3 Nf6 4. Bc4 Bc5 5. O-O d6 6. Qb3 O-O 7. Ng5 d5 8. exd5
Nxd5 9. Bxd5 Qxg5 10. d4 exd4 11. Bxg5 dxc3 12. Nxc3 Na5 13. Qc2 c6 14. Be4 f5
15. Bd3 Be6 16. Ne2 Rae8 17. Qxc5 {Black resigns} 1-0

[Event "FICS rated blitz game"]
[Site "FICS freechess.org"]
[Date "2018.01.01"]
[Round "?"]
[White "kiknit"]
[Black "ImgonnaMateYou"]
[Result "0-1"]
[WhiteElo "1457"]
[BlackElo "1476"]
[PlyCount "50"]
[EventDate "2018.??.??"]
[EventType "blitz"]

1. e4 e5 2. Nf3 Nc6 3. c3 h6 4. a3 g6 5. Bc4 Bg7 6. O-O d6 7. d3 a6 8. Be3 Nge7
9. Ba2 O-O 10. c4 Kh7 11. d4 f5 12. exf5 Nxf5 13. dxe5 Nxe5 14. Nxe5 Bxe5 15.
Bc1 Qh4 16. g3 Qh3 17. Qf3 g5 18. Nd2 g4 19. Qe4 c5 20. b4 b6 21. bxc5 bxc5 22.
Qxa8 Bxa1 23. Ne4 Nd4 24. Nxd6 Nf3+ 25. Kh1 Qxh2# {White checkmated} 0-1

[Event "FICS rated blitz game"]
[Site "FICS freechess.org"]
[Date "2018.01.01"]
[Round "?"]
[White "gunilla"]
[Black "Mdvd"]
[Result "0-1"]
[WhiteElo "1226"]
[BlackElo "1318"]
[PlyCount "126"]
[EventDate "2018.??.??"]
[EventType "blitz"]

1. e4 e5 2. Nf3 Nc6 3. c3 Bc5 4. d4 exd4 5. cxd4 Bb6 6. Nc3 a6 7. Be2 d6 8. O-O
Nf6 9. d5 Ne7 10. Bg5 Ng6 11. a4 O-O 12. a5 Ba7 13. b4 c6 14. dxc6 bxc6 15.
Bxf6 Qxf6 16. Nd4 Qxd4 17. Qxd4 Bxd4 18. Rac1 Bf6 19. Na4 Bb7 20. Nb6 Rad8 21.
Bf3 Ne5 22. Rcd1 Nxf3+ 23. gxf3 d5 24. exd5 cxd5 25. Rd3 d4 26. h3 Rfe8 27. Rc1
h6 28. Rc7 Ba8 29. Nd7 Rc8 30. Nxf6+ gxf6 31. Rxc8 Rxc8 32. Rxd4 Bxf3 33. Kh2
Be2 34. Rd6 Kg7 35. h4 Bb5 36. f4 Rc4 37. Kg3 Rxb4 38. h5 Rb3+ 39. Kg4 Ra3 40.
f5 Ra4+ 41. Kf3 Rxa5 42. Ke3 Ba4 43. Kd4 Rxf5 44. Rxa6 Rxh5 45. Kc3 Bd7 46. Ra7
Be6 47. Kb4 Rg5 48. Kc3 h5 49. Kd4 h4 50. Ra1 Kh6 51. Ke4 h3 52. Rh1 Rh5 53.
Rh2 Kg5 54. Kf3 f5 55. Kg3 f4+ 56. Kf3 Bd5+ 57. Kf2 f3 58. Rh1 Kf4 59. Rh2 Be4
60. Rh1 h2 61. Ke1 f2+ 62. Kxf2 Bxh1 63. Kf1 Bg2+ {White resigns} 0-1

[Event "FICS rated blitz game"]
[Site "FICS freechess.org"]
[Date "2018.01.01"]
[Round "?"]
[White "ashups"]
[Black "hxl"]
[Result "0-1"]
[WhiteElo "1196"]
[BlackElo "1320"]
[PlyCount "140"]
[EventDate "2018.??.??"]
[EventType "blitz"]

1. e4 e5 2. Nf3 Nc6 3. c3 d5 4. exd5 Qxd5 5. d4 exd4 6. c4 Qe4+ 7. Be2 Bf5 8.
O-O O-O-O 9. Ng5 Qc2 10. Nxf7 d3 11. Bg4 Qxd1 12. Bxd1 Nf6 13. Nxh8 Bb4 14. Bg5
Rxh8 15. Bxf6 gxf6 16. Nc3 Bxc3 17. bxc3 Na5 18. Bb3 Nxb3 19. axb3 a6 20. Rad1
Rd8 21. b4 Bg4 22. f3 Be6 23. b5 Bxc4 24. bxa6 Bxa6 25. f4 Bc4 26. Rf3 b5 27.
g4 Re8 28. g5 fxg5 29. fxg5 Re2 30. Rfxd3 Bxd3 31. Rxd3 Re5 32. Rd4 Rxg5+ 33.
Kf2 c6 34. Kf3 Kc7 35. c4 bxc4 36. Rxc4 Rg7 37. h4 Kb6 38. Kf4 c5 39. Ke5 Kb5
40. Rf4 c4 41. Kf6 Rc7 42. h5 c3 43. Rf5+ Kb4 44. h6 c2 45. Rf4+ Kb3 46. Rf3+
Kb2 47. Rf1 c1=Q 48. Rxc1 Rxc1 49. Kg7 Rc7+ 50. Kg8 Kc2 51. Kh8 Kd3 52. Kg8 Ke4
53. Kf8 Kf5 54. Ke8 Kg6 55. Kf8 Kxh6 56. Kg8 Kg6 57. Kh8 h5 58. Kg8 h4 59. Kf8
h3 60. Ke8 h2 61. Kd8 Rf7 62. Ke8 h1=Q 63. Kd8 Kf6 64. Ke8 Qe4+ 65. Kd8 Re7 66.
Kc8 Qd4 67. Kb8 Re3 68. Kc7 Rc3+ 69. Kb7 Qb4+ 70. Ka6 Ra3# {White checkmated}
0-1

[Event "FICS rated blitz game"]
[Site "FICS freechess.org"]
[Date "2018.01.01"]
[Round "?"]
[White "denk"]
[Black "evro"]
[Result "1-0"]
[WhiteElo "1360"]
[BlackElo "1384"]
[PlyCount "63"]
[EventDate "2018.??.??"]
[EventType "blitz"]

1. e4 e5 2. Nf3 Nc6 3. c3 Nf6 4. Bc4 Bc5 5. Qb3 O-O 6. Ng5 Na5 7. Qb5 Nxc4 8.
Qxc4 d6 9. b4 Bb6 10. O-O Ng4 11. Nf3 Be6 12. Qe2 f5 13. a4 a5 14. d3 fxe4 15.
Qxe4 c6 16. Ng5 Bf5 17. Qc4+ d5 18. Qa2 Bxd3 19. Be3 Nxe3 20. Ne6 Qf6 21. Nxf8
Nxf1 22. Nd7 Bc4 23. Nxf6+ gxf6 24. Qc2 axb4 25. Nd2 Nxd2 26. Qxd2 bxc3 27.
Qxc3 Kf7 28. Rb1 Bd4 29. Rxb7+ Ke6 30. Qh3+ Kd6 31. Qd7+ Kc5 32. Qe7# {Black
checkmated} 1-0

[Event "FICS rated blitz game"]
[Site "FICS freechess.org"]
[Date "2018.01.01"]
[Round "?"]
[White "NicolausSilver"]
[Black "callam"]
[Result "1-0"]
[WhiteElo "1330"]
[BlackElo "1355"]
[PlyCount "91"]
[EventDate "2018.??.??"]
[EventType "blitz"]

1. e4 e5 2. Nf3 Nc6 3. c3 Nf6 4. Ng5 h6 5. Nxf7 Kxf7 6. Bc4+ d5 7. exd5 Nxd5 8.
Qf3+ Ke6 9. O-O Qf6 10. Bxd5+ Kd6 11. Qd3 Bf5 12. Qf3 e4 13. Bxe4 Bxe4 14. Qxe4
Qe5 15. Qd3+ Qd5 16. Qc2 Re8 17. d4 Qc4 18. Bf4+ Kd7 19. Na3 Bxa3 20. bxa3 Nxd4
21. Qd1 Re4 22. Qg4+ Ne6 23. Rad1+ Kc6 24. Rd4 Rxd4 25. cxd4 Nxf4 26. Qxf4 Kd7
27. Qg4+ Kd8 28. Qxg7 Re8 29. Qxh6 Qxd4 30. h3 Qd5 31. Qh4+ Kc8 32. Qg4+ Kb8
33. Rd1 Qxa2 34. Qh4 a6 35. Rd8+ Rxd8 36. Qxd8+ Ka7 37. Qd4+ b6 38. Qc3 Qb1+
39. Kh2 Qf5 40. Qxc7+ Ka8 41. Qd8+ Kb7 42. Qe7+ Kc6 43. Qe8+ Kc5 44. Qe3+ Kb5
45. Qe2+ Kc6 46. Qf3+ 1-0

[Event "FICS rated blitz game"]
[Site "FICS freechess.org"]
[Date "2018.01.01"]
[Round "?"]
[White "Doctorisin"]
[Black "fbraine"]
[Result "0-1"]
[WhiteElo "1258"]
[BlackElo "1363"]
[PlyCount "40"]
[EventDate "2018.??.??"]
[EventType "blitz"]

1. e4 Nc6 2. Nf3 e5 3. c3 d5 4. d4 dxe4 5. Nxe5 Nxe5 6. dxe5 Qxd1+ 7. Kxd1 Bc5
8. Be3 Bxe3 9. fxe3 Nf6 10. Bc4 Nd7 11. Nd2 Nxe5 12. Bb3 O-O 13. Nxe4 Nd3 14.
Kc2 Ne5 15. Rad1 Bf5 16. Rd4 Nc6 17. Rc4 b5 18. Rxc6 Bxe4+ 19. Kd2 Bxc6 20. Rf1
Bxg2 {White resigns} 0-1

[Event "FICS rated standard game"]
[Site "FICS freechess.org"]
[Date "2018.01.01"]
[Round "?"]
[White "piaanist"]
[Black "carpentaria"]
[Result "1-0"]
[WhiteElo "1431"]
[BlackElo "1479"]
[PlyCount "73"]
[EventDate "2018.??.??"]

1. e4 e5 2. Nf3 Nc6 3. c3 h6 4. d3 d5 5. Qe2 d4 6. cxd4 Nxd4 7. Qe3 Nxf3+ 8.
Qxf3 Nf6 9. Nd2 Bb4 10. a3 Bxd2+ 11. Bxd2 O-O 12. Qg3 Nh5 13. Qxe5 Nf6 14. Be2
Re8 15. Qg3 Ng4 16. Rd1 Re6 17. Bxg4 Rg6 18. h3 Bxg4 19. hxg4 Qf6 20. f3 Qxb2
21. Bf4 Rd8 22. g5 Qc3+ 23. Rd2 Rxd3 24. Rxh6 Qc1+ 25. Ke2 Rxd2+ 26. Bxd2 Qc4+
27. Ke1 Rxh6 28. gxh6 g6 29. Qe5 f6 30. Qxf6 Qf7 31. Qd8+ Kh7 32. Qb8 b5 33.
Qxa7 Qc4 34. Qb7 Qc2 35. Qxb5 Qa2 36. Qd7+ Kg8 37. Qg7# {Black checkmated} 1-0

[Event "FICS rated blitz game"]
[Site "FICS freechess.org"]
[Date "2018.01.01"]
[Round "?"]
[White "DonBlasDeLezo"]
[Black "Lazayo"]
[Result "1-0"]
[WhiteElo "1375"]
[BlackElo "1376"]
[PlyCount "21"]
[EventDate "2018.??.??"]
[EventType "blitz"]

1. e4 e5 2. Nf3 Nc6 3. c3 Bc5 4. b4 Bb6 5. b5 Nce7 6. Nxe5 d5 7. Qh5 Ng6 8.
Nxg6 fxg6 9. Qe5+ Qe7 10. Qxd5 Nf6 11. Qd3 {Black resigns} 1-0

[Event "FICS rated blitz game"]
[Site "FICS freechess.org"]
[Date "2018.01.01"]
[Round "?"]
[White "histo"]
[Black "Extrawurst"]
[Result "0-1"]
[WhiteElo "1404"]
[BlackElo "1449"]
[PlyCount "56"]
[EventDate "2018.??.??"]
[EventType "blitz"]

1. e4 e5 2. Nf3 Nc6 3. c3 d5 4. exd5 Qxd5 5. Na3 Bxa3 6. bxa3 Bg4 7. Be2 Nf6 8.
h3 Bh5 9. g4 Bg6 10. d3 O-O-O 11. c4 Qd7 12. Bb2 h6 13. Bxe5 Nxe5 14. Nxe5 Qe6
15. Nxg6 fxg6 16. Rc1 Rhe8 17. Rc2 Ne4 18. O-O Ng5 19. Kg2 Kb8 20. Qb1 Qc6+ 21.
f3 h5 22. h4 Ne6 23. g5 Nf4+ 24. Kf2 Qc5+ 25. Ke1 Nxd3+ 26. Kd1 Nf4+ 27. Ke1
Qe3 28. Qb2 Ng2# {White checkmated} 0-1